Odgadnij kadrę po numerach - Belgia - Statystyki

Ogólne statystyki
  • Ten quiz został rozwiązany 3 razy
  • Średni wynik to 2 z 25
Statystyki odpowiedzi
Numer na EURO Piłkarz % Poprawnych
1 Koen Casteels
100%
7 Kevin De Bruyne
33%
9 Leandro Trossard
33%
10 Romelu Lukaku
33%
24 Amadou Onana
0%
3 Arthur Theate
0%
23 Arthur Vermeeren
0%
16 Aster Vranckx
0%
6 Axel Witsel
0%
17 Charles De Ketelaere
0%
14 Dodi Lukebakio
0%
5 Jan Vertonghen
0%
22 Jeremy Doku
0%
19 Johan Bakayoko
0%
20 Lois Openda
0%
13 Matz Sels
0%
25 Maxim De Cuyper
0%
18 Orel Mangala
0%
12 Thomas Kaminski
0%
15 Thomas Meunier
0%
21 Timothy Castagne
0%
4 Wout Faes
0%
11 Yannick Carrasco
0%
8 Youri Tielemans
0%
2 Zeno Debast
0%
Nie znaleziono quizów pasujących do podanych kryteriów
Rozkład punktacji
Procent ludzi z każdym wynikiem
Percentyl według liczby udzielonych odpowiedzi
Twoja historia wyników
Nie rozwiązałeś tego quizu